00607nam a2200205 450000100060000000300080000600500170001400800410003103500190007204000230009104100080011408200230012210000250014524500780017026000590024830000320030735000110033950400200035060000310037036101BD-RjUL20211209052432.0140616t1968 njuac b 001 0beng d a(BD-RjUL)36198 aDLCcDLCdDLCbeng aeng00a347.9973bHOM 19681 aHoward, J. Woodford.10aMr. Justice Murphy :cby J. Woodford Howard, Jr.ba political biography / aPrinceton, N.J. :bPrinceton University Press,cc1968. ax, 578 p. :bill. ;c25 cm. a$12.50 aincludes index.10aMurphy, Frank,d1890-1949.